000 00682nam a2200217 a 4500
005 20191217041647.0
008 140121b1998 ck ||||| |||| 00| 0 spa d
041 _aspa
044 _ack
090 _aIAvH
_b00092
100 1 _aSimmons, John E.
_928096
245 1 0 _aCurso cuidado y manejo de colecciones de historia natural
260 _aVilla de Leyva (Boyacá) :
_bInstituto Alexander von Humboldt,
_c1998.
300 _a150 p.
_c30 cm.
650 6 _aColecciones biológicas
_94146
650 4 _aManejo de recursos
_93533
650 6 _aHistoria natural
_928097
650 6 _aReferencias Bibliográficas
_92837
700 1 _aMuñoz Saba, Yaneth
_94274
942 _cINFORME
_02
_2z
999 _c1724
_d1724